EÚ: Slovensko zaznamenalo v roku 1994 najvyšší rast exportu
Slovenská republika zaznamenala v r. 1994 najväčší rast vývozu do EÚ zo všetkých krajín strednej a východnej Európy. Z najnovších údajov Európskeho štatistického úradu v Luxemburgu vyplýva, že okrem Litvy a Lotyšska bola SR jedinou zo 14 krajín východnej Európy, ktorá mala v obchode s EÚ aktívnu bil...
Salvato in:
| Autore principale: | |
|---|---|
| Natura: | Capitolo di libro |
| Lingua: | slovacco |
| Soggetti: | |
| Tags: |
Nessun Tag, puoi essere il primo ad aggiungerne!!
|
MARC
| LEADER | 00000naa a2200000 4500 | ||
|---|---|---|---|
| 001 | r019133 | ||
| 005 | 20221213100812.1 | ||
| 041 | 0 | |a slo | |
| 044 | |a SK | ||
| 245 | 1 | 0 | |a EÚ: Slovensko zaznamenalo v roku 1994 najvyšší rast exportu |c R. Hajšel |
| 520 | |a Slovenská republika zaznamenala v r. 1994 najväčší rast vývozu do EÚ zo všetkých krajín strednej a východnej Európy. Z najnovších údajov Európskeho štatistického úradu v Luxemburgu vyplýva, že okrem Litvy a Lotyšska bola SR jedinou zo 14 krajín východnej Európy, ktorá mala v obchode s EÚ aktívnu bilanciu. | ||
| 610 | 2 | 0 | |a vývoz |
| 610 | 2 | 0 | |a obchod zahraničný |
| 610 | 2 | 0 | |a Slovensko |
| 610 | 2 | 0 | |a Európska únia |
| 610 | 2 | 0 | |a 1994 |
| 610 | 2 | 0 | |a stredná Európa |
| 610 | 2 | 0 | |a východná Európa |
| 610 | 2 | 0 | |a bilancia obchodná |
| 100 | 1 | |a Hajšel, R. | |